İnanıyorum ki, biz kazanacağız (Record no. 2956)

MARC details
000 -BAŞLIK
Sabit Uzunlukta Kontrol Alanı 00626na a2200217 4500
001 - KONTROL NUMARASI
Denetim Alanı 15874
003 - KONTROL NUMARASI IDENTIFIER
Denetim Alanı MIRAKIL
005 - SON İŞLEM TARİHİ VE ZAMANI
Denetim Alanı 20181213154914.0
008 - SABİT-BOY VERİ ELEMANLARI - GENEL BİLGİLER
Sabit Uzunlukta Kontrol Alanı 161009b tu 000 0
040 ## - KATALOGLAMA KAYNAK
Orijinal Kataloglama Ajansı Milas
Kataloglama Dili tur
Metne Dönüştürmek Ajansı TR-AnCHP
041 ## - DİL KODU
Metin / Ses Parça Veya Ayrı Başlığın Dil Kodu tur
082 ## - DEWEY ONLU SINIFLANDIRMA NUMARASI
Sınıflandırma Numarası 920 Cassidy,S
Ürün Numarası C27i 1987
090 ## - SINIFLAMA NUMARASI
Sınıflama Numarası 920 Cassidy,S C27i 1987
100 ## - ANA GİRİŞ - KİŞİSEL İSİM
Kişisel Ad Cassidy, Sheila
Bir Adıyla İlişkilendirilen Tarihler 1937-
245 ## - BAŞLIK TABLOSU
Başlık İnanıyorum ki, biz kazanacağız
Sorumluluk Tablosu, Vb Sheila Cassidy ; çeviren Gencay Şaylan
260 ## - YAYIN, DAĞITIM, VB
Yayın, Dağıtım, Vb Yeri Ankara
Yayıncı, Dağıtıcı, Vs Adı Başak Yayınları
Yayın, Dağıtım, Vb Tarihi 1987
300 ## - FİZİKSEL TANIM
Kapsam 376 s.
Boyutlar 20 sm.
600 ## - KONU KATMA GİRİŞ - KURUMSAL ADI
Kişisel Ad Cassidy, Sheila
Genel Alt Bölümü Otobiyografi
700 ## - KATMA GİRİŞ - KİŞİSEL İSİM
Kişisel Ad Şaylan, Gencay
942 ## - EKLENDİ GİRİŞ ELEMANLARI (KOHA)
Sınıflandırma Veya Raf Düzeni Kaynak Dewey Decimal Classification
Koha Öğesi Türü Books
999 ## - SİSTEM KONTROL NUMARALARI (KOHA)
Koha Biblionumber 2956
Koha Biblioitemnumber 2956
Holdings
Kalıcı Konum Mevcut Konum Edinme Tarihi Edinim Kaynak Toplam Check-Out'Lar Tam Çağrı Numarası Barkod Tarih Son Görülme İtibaren Geçerli Fiyatlar Koha Öğesi Türü
CHP Kütüphanesi CHP Kütüphanesi 09/25/2016 Bağış   920 Cassidy,S C27i 1987 004210 09/25/2016 09/25/2016 Books